00679nam a2200229Ia 4500003000900000008004100009040001300050040001300063041000800076100001600084245005000100250001100150260002300161260000900184300001100193300001000204490001900214490000600233942000700239999001700246952018600263IT-RoPAU120407s9999 xx 000 0 und d aIT-RoPAU cIT-RoPAU aesp aKarl Rahner aReflexiones en torno a la “Humanae vitae” aMadrid aEdiciones Paulinas c1968 a132 p. c18 cm aTemas cadentes v1 cBK c25198d25198 00102ddc406241_400000000000000_3071aPAULUSbPAULUSd2012-04-11l0o241.4.30r2012-04-11 00:00:00w2012-04-11yBKzInserito da: In data: n.d. fondo: Via A.Severo 56 Progr:30753